Plus grosses ventes d'albums en 2025 - Statistiques

Statistiques générales
  • Ce quiz a été pris 31 fois
  • Le résultat moyen est 8 sur 20
Statistiques - réponses
Nom des albums Chanteurs (euses) % Correct
D&P à vie Jul
79%
Tp sur Tp Jul
79%
Le nord se souvient (l'odyssée) Gims
76%
Mega bbl Théodora
76%
Beyah Damso
55%
Debí Tirar Más Fotos Bad Bunny
52%
Diamant noir Werenoi
48%
Pyramide 2 Werenoi
48%
A La Vie A La Mort SDM
45%
Bdlm vol.1 Tiakola
41%
Recommence-Moi Santa
38%
Hélé Helena
34%
Chaque seconde Pierre Garnier
31%
Hurry Up Tomorrow The Weeknd
31%
Hit Me Hard And Soft Billie Eilish
21%
Et si j'échoue Bouss
10%
Depuis le temps Bouss
10%
Né pour briller L2b
10%
Kpop Demon Hunters Kpop Demon Hunters Cast
3%
Focus Keblack
0%
Aucun quiz correspondant
Distribution des résultats
% des personnes avec chaque résultat
Percentile par nombre de réponses
Votre historique - résultats
Vous n’avez pas pris ce quiz